| 000 | 00457nam a2200169Ia 4500 | ||
|---|---|---|---|
| 999 |
_c13354 _d13354 |
||
| 003 | OSt | ||
| 005 | 20201027103204.0 | ||
| 008 | 190216s9999||||xx |||||||||||||| ||und|| | ||
| 040 | _coclc | ||
| 082 |
_a823 _bSMI/B |
||
| 100 |
_aSmith, Wilbur _95722 |
||
| 245 | 4 |
_aThe Burning Shore / _cWilbur Smith |
|
| 260 |
_bPan Books , _c1967. _aLondon: |
||
| 300 | _a430p | ||
| 650 | _aEnglish Novel | ||
| 942 |
_cBK _2ddc _h823 _iSMI/B _k823 _mSMI/B |
||